| 000 | 00498nam a22001577a 4500 | ||
|---|---|---|---|
| 005 | 20231115074418.0 | ||
| 008 | 231115b |||||||| |||| 00| 0 eng d | ||
| 041 | _aEnglish | ||
| 082 | _a344.4 DEV | ||
| 100 |
_aDe Villiers, M _lEnglish |
||
| 245 |
_aThe Roman and Roman-Dutch Law of Injuries / _cM De Villiers |
||
| 260 |
_aCape Town : _bJuta and Company Ltd, _c1899 |
||
| 300 |
_bxlii, 327 pages ; _c23 cm. |
||
| 650 |
_aLegal practice _bLaw |
||
| 942 |
_cBK _6ALISON_BN_VRIES |
||
| 999 |
_c650 _d650 |
||